| 000 | 00956nam a2200289 i 4500 | ||
|---|---|---|---|
| 001 | 18095 | ||
| 003 | ES-MaACL | ||
| 005 | 20250903014507.0 | ||
| 007 | t| | ||
| 008 | 010813s2000 sp ||||0| spa j | ||
| 020 | _a84-7432-206-5 | ||
| 040 |
_aM-BN _bspa _cM-BN |
||
| 080 | _a51(091) | ||
| 100 | 1 |
_aRey Pastor, Julio, _d1888-1962 _996535 |
|
| 245 | 1 | 0 |
_aHistoria de la matemática / _cJ. Rey Pastor, J. Babini ; [prefacio de Juan Vernet]. |
| 250 | _a1ª ed. en Cla-de-ma. | ||
| 260 |
_aBarcelona : _bGedisa, _c2000. |
||
| 300 |
_a2 v ; _c20 cm. |
||
| 490 | 1 | _aSerie Cla-de-ma | |
| 505 | 8 | _aContiene: v. 1. De la antigüedad a la Baja Edad Media -- v. 2. Del renacimiento a la actualidad | |
| 650 | 1 | 4 |
_aMatemáticas- _vHistoria _914826 |
| 700 | 1 |
_aBabini, José. _924420 |
|
| 700 | 1 |
_aVernet, Juan, _d1923-2011 _9114171 |
|
| 830 | 0 |
_aSerie Cla-de-ma _9180262 |
|
| 852 |
_aES-MaACL _jL-24825-26 _bR.130109 |
||
| 999 |
_c18095 _d18095 |
||